000 00370nam a2200145Ia 4500
008 211109s9999||||xx |||||||||||||| ||und||
082 _a398
_bKUN-N
100 _aKunjiraman Nair,
245 0 _aNira Para
260 _bP K B
_aCalicut
_c1949
300 _a72p.
630 _xGeneral Stack
650 _aFolklore
_vMalayalam LiteratureNirapara
_xGeneralia
942 _cBOOK
999 _c14374
_d14374